Russian Prime Ministers Quiz Stats

 Plays Quiz not verified by Sporcle

Challenge
Share
Tweet
Embed
Score 0/12 Timer 05:00
0 Plays Today
Dates in Office Prime Minister % Correct
9 August 1999 - 7 May 2000Vladimir Putin
96.6%
8 May 2008 - PresentVladimir Putin
96.6%
14 December 1992 - 23 March 1998Viktor Chernomyrdin
46.6%
23 August 1998 - 11 September 1998Viktor Chernomyrdin
46.6%
15 June 1992 - 14 December 1992Yegor Gaidar
41.1%
11 September 1998 - 12 May 1999Yevgeny Primakov
39.7%
7 May 2000 - 24 February 2004Mikhail Kasyanov
37.7%
23 March 1998 - 23 August 1998Sergei Kirienko
34.2%
14 September 2007 - 8 May 2008Viktor Zubkov
34.2%
5 March 2004 - 14 September 2007Mikhail Fradkov
29.5%
12 May 1999 - 9 August 1999Sergei Stepashin
16.4%
24 February 2004 - 5 March 2004Victor Khristenko
11%

You're not logged in!

Compare scores with friends on all Sporcle quizzes.
OR
Log In

You Might Also Like...

Show Comments

Extras

Top Quizzes Today


Score Distribution

Your Account Isn't Verified!

In order to create a playlist on Sporcle, you need to verify the email address you used during registration. Go to your Sporcle Settings to finish the process.

Report this User

Report this user for behavior that violates our Community Guidelines.

Details: